00555 2200229 4500001002100000005001500021035002000036007000300056008004100059020001800100082001300118084001900131100001200150245001800162260003500180300002600215650002000241990001600261990001600277990001600293990001600309INLIS00000000000142920260603075417 a0010-0626000001ta260603 f ind  a9786238053537 a899.2213 a899.2213 BOE r0 aBoedi T1 aRa /cBoedi T aJakarta :bBenito Group,c2026 a132 hlm ;c20 x 14 cm aFIKSI INDONESIA a00000002023 a00000002022 a00000002022 a00000002023